00504nam a2200157Ia 4500008004100000041000800041082001200049100002300061245002600084250001400110260003900124300003300163365001100196999001700207952012200224240624s9999 xx 000 0 und d aeng a657 ATK aATKINSON ANTHONY A aMANAGEMENT ACCOUNTING a(5th ed.) c2009aNew DelhibPearson Education axxvii, : 676 : p. : cm. ; 25 cRSb30 c15392d15392 00104070aIMTNbIMTNcRack 20-Ad2010-08-19eIBHg535.00l0o657 ATKp15392r2024-06-24 00:00:00t1w2024-06-24yBK